=LDR 00000nam 2200000 4500 =001 INLIS000000000029684 =005 20130612131910 =008 ***********************************Ind** =035 ##$$0010-061300000029684 =041 ##$$a Ind =082 ##$$a 372.55 =090 ##$$a 372.55, Ker k =245 ##$$a Kerajinan tangan dan kesenian untuk SD/MI, oleh Tugimin Harjo...[et.al] =260 ##$$a [S.a] $b Semarang =300 ##$$a ...jil, ilus, 28 cm =650 ##$$a Pendidikan Dasar-Ketrampilan =700 ##$$a Harjo, Tugimin =850 ##$$a NBPNMAT